00362nam a2200133Ia 4500003000400000008004100004040001600045082001300061100001900074245003300093260004200126650002800168650003200196GCL140319s9999 xx 000 0 eng d aGCL / cGCL04a759bG C1 aGATT, GIUSEPPE10aCONSTABLE / cGATT, GIUSEPPE a[S.N] : bTHAMES AND HUDSON ، c198004aART MODERN 19TH CENTURY04aCONSTABLE, JOHN (1776-1837)